the study on the growth and survival rate of pangasius hypophthalmus (khmer strain) and pangasius sp. (thai strain) (ការសិក្សាពីការលូតលាស់ និង អត្រារស់របស់ពូជត្រីប្រាធំខ្មែរ pangasius hypophthalmus និង pangasius sp.) (Record no. 3771)

000 -LEADER
fixed length control field 00694nam a22001577a 4500
003 - CONTROL NUMBER IDENTIFIER
control field OSt
005 - DATE AND TIME OF LATEST TRANSACTION
control field 20151201095017.0
008 - FIXED-LENGTH DATA ELEMENTS--GENERAL INFORMATION
fixed length control field 151201b xxu||||| |||| 00| 0 eng d
040 ## - CATALOGING SOURCE
Transcribing agency RUA
082 ## - DEWEY DECIMAL CLASSIFICATION NUMBER
Classification number FIS NGY 2000 B172 Or.1
100 ## - MAIN ENTRY--PERSONAL NAME
9 (RLIN) 4052
Personal name NGY, LAYMITHUNA.
245 ## - TITLE STATEMENT
Title the study on the growth and survival rate of pangasius hypophthalmus (khmer strain) and pangasius sp. (thai strain) (ការសិក្សាពីការលូតលាស់ និង អត្រារស់របស់ពូជត្រីប្រាធំខ្មែរ pangasius hypophthalmus និង pangasius sp.)
260 ## - PUBLICATION, DISTRIBUTION, ETC. (IMPRINT)
Place of publication, distribution, etc. Phnom Penh
Name of publisher, distributor, etc. RUA
Date of publication, distribution, etc. 2000
300 ## - PHYSICAL DESCRIPTION
Extent 129p.
Other physical details ill.
Dimensions 29cm.
942 ## - ADDED ENTRY ELEMENTS (KOHA)
Source of classification or shelving scheme
Koha item type FIS
Holdings
Price effective from Date last seen Permanent Location Not for loan Date acquired Source of classification or shelving scheme Koha item type Lost status Withdrawn status Date last checked out Total Checkouts Shelving location Damaged status Barcode Current Location Full call number
2015-12-012016-08-09Library Block B 2015-12-01 FIS  2016-06-242B172 RUA010946Library Block BFIS NGY 2000 B172 Or.1
2015-12-012026-06-03Library Block B 2015-12-01 FIS  2026-06-021B172 RUA027146Library Block BFIS NGY 2000 B172 Or.2
2015-12-012015-12-01Library Block B 2015-12-01 FIS    B172 RUA026902Library Block BFIS NGY 2000 B172 Or.3
2015-12-012022-08-02Library Block B 2015-12-01 FIS  2022-07-251B172 RUA027917Library Block BFIS NGY 2000 B172 Or.4
2015-12-012015-12-01Library Block B 2015-12-01 FIS    B172 RUA026504Library Block BFIS NGY 2000 B172 Or.5
2015-12-012015-12-01Library Block B 2015-12-01 FIS    B172 RUA027506Library Block BFIS NGY 2000 B172 Or.6
2015-12-012015-12-01Library Block B 2015-12-01 FIS    B172 RUA026830Library Block BFIS NGY 2000 B172 Or.7
មជ្ឈមណ្ឌលឯការនៃសាកលវិទ្យាល័យភូមិន្ទកសិកម្មចំការដូង

Powered by Koha